| 000 | 01402nam0a22002891 4500 | ||
|---|---|---|---|
| 001 | rc\3637544 | ||
| 005 | 20260407091730.0 | ||
| 021 |
_aRU _b[74-94701] |
||
| 035 | _a(NLR Aleph) 007827749 | ||
| 090 |
_a7765039 _c7765039 |
||
| 100 | _a20130115d1974 |||y0rusy50 ca | ||
| 101 | 0 | _arus | |
| 102 | _aRU | ||
| 105 | _ay c ||||| | ||
| 200 | 1 |
_aМетодические указания по исследованию и определению возбудителей бактериозов плодовых культур _fВсесоюз. акад. с.-х. наук им. В.И. Ленина. Всесоюз. науч.-исслед. ин-т растениеводства им. Н.И. Вавилова |
|
| 210 |
_aЛенинград _c[ВИР] _d1974 |
||
| 215 |
_a45 с. _d20 |
||
| 300 | _aНа обороте тит. л. сост.: канд. с.-х. наук К.В. Никитина, Р.И. Калиниченко | ||
| 606 |
_aБактериоз плодовых культур _xВозбудители _2psbo |
||
| 702 | 1 |
_aКалиниченко _bР.И. _4220 |
|
| 702 | 1 |
_aНикитина _bК.В. _gКлавдия Варламовна _4220 |
|
| 712 | 0 | 2 |
_aВНИИ растениеводства им. Н. И. Вавилова _cЛенинград _3RU\NLR\AUTH\8817144 _9307526 |
| 801 | 0 |
_aRU _bNLR _gpsbo |
|
| 801 | 1 |
_aRU _bELAR _2rusmarc |
|
| 852 |
_aNLR _j74-4/30616 |
||
| 942 | _cBOOK | ||
| 980 | _aNB | ||